Nakanune : roman /

Hlavní autor: Turgenev, Ivan Sergejevič, 1818-1883
Jazyk: Ruština
Vydáno: Moskva : Gosudarstvennoje izdatel'stvo chudožestvennoj literatury, 1959
Témata:
Fyzický popis: 190 s.
Knihy
Uloženo v:
LEADER 00708nam a22002172a 4500
001 001406500
003 CZ BrMZK
005 20141107195908.0
007 ta
008 140724s1959 ru er|||||||||||rus d
040 |a TUG001  |b cze  |d BOA001 
100 1 |a Turgenev, Ivan Sergejevič,  |d 1818-1883  |7 jn19992019653  |4 aut 
245 1 0 |a Nakanune :  |b roman /  |c I.S. Turgenev 
260 |a Moskva :  |b Gosudarstvennoje izdatel'stvo chudožestvennoj literatury,  |c 1959 
300 |a 190 s. 
500 |a Předmluva o autorovi 
653 0 |a ruská literatura  |a romány 
910 |a BOA001  |b 2-0421.088 
990 |a BK 
991 |b 201407 
996 7 |b 2619109614  |c 2-0421.088  |l MZK  |r Sklad / do 24 hodin  |n 0  |w 001441627  |u 000010  |a 1  |e BOA001  |j MZK50  |s A